Программы инструкторского обучения. Вып. 6: Моторист, обслуживающий электродвигатели ... (Запись № 13595403)

Подробности
000 -МАРКЕР
контрольное поле 01630nam2a2200241 4500
001 - ИДЕНТИФИКАТОР ЗАПИСИ
контрольное поле rc\2920740
005 - ИДЕНТИФИКАТОР ВЕРСИИ
контрольное поле 20260315054732.0
035 ## - ДРУГИЕ СИСТЕМНЫЕ НОМЕРА
Идентификатор записи (NLR Aleph) 007070956
100 ## - ДАННЫЕ ОБЩЕЙ ОБРАБОТКИ
Данные общей обработки 20110812d1934 u y0rusy50 ca
101 0# - ЯЗЫК РЕСУРСА
Язык текста, звукозаписи и т.д. русский
102 ## - СТРАНА ПУБЛИКАЦИИ ИЛИ ПРОИЗВОДСТВА
Страна публикации Российская Федерация
105 ## - ПОЛЕ КОДИРОВАННЫХ ДАННЫХ: ТЕКСТОВЫЕ МАТЕРИАЛЫ, МОНОГРАФИЧЕСКИЕ
Кодированные данные о монографическом текстовом документе y z |||||
200 1# - ЗАГЛАВИЕ И СВЕДЕНИЯ ОБ ОТВЕТСТВЕННОСТИ
Основное заглавие Моторист, обслуживающий электродвигатели ...
Первые сведения об ответственности Сост. инж.-методистом А.Н. Шмелевым
210 ## - ПУБЛИКАЦИЯ, РАСПРОСТРАНЕНИЕ И ДР.
Дата издания, распространения и т.д. 1934
215 ## - ФИЗИЧЕСКАЯ ХАРАКТЕРИСТИКА
Специфическое обозначение материала и объем [4], 47 с.
461 #0 - УРОВЕНЬ НАБОРА
Встроенное поле 001rc\2920737
-- 2001#$aПрограммы инструкторского обучения$eВып. 4-$fНКТП. Глав. упр. учеб. заведениями. Гос. центр. бюро по обуч. рабочих теплосилового хозяйства и рационализации его обслуживания "Энергокадры"$vВып. 6
Системный номер (АБИС) связанной записи 6380030
Автор СССР. Центральное бюро по обучению рабочих теплосилового хозяйства и рационализации его обслуживания
Место публикации Москва
Дата публикации 1934
Первые сведения об ответственности НКТП. Глав. упр. учеб. заведениями. Гос. центр. бюро по обуч. рабочих теплосилового хозяйства и рационализации его обслуживания "Энергокадры"
Имя издателя, распространителя и т.д. Б. и.
Сведения, относящиеся к заглавию Вып. 4-
Заглавие Программы инструкторского обучения
Номер тома Вып. 6
702 #1 - ИМЯ ЛИЦА - ВТОРИЧНАЯ ОТВЕТСТВЕННОСТЬ
Начальный элемент ввода Шмелев
Часть имени, кроме начального элемента ввода А.Н.
Код отношения Составитель
801 #0 - ИСТОЧНИК ЗАПИСИ
Страна Российская Федерация
Организация NLR
Правила каталогизации psbo
801 #1 - ИСТОЧНИК ЗАПИСИ
Страна Российская Федерация
Организация ELAR
Источник данных rusmarc
852 ## - МЕСТОНАХОЖДЕНИЕ И ШИФР ХРАНЕНИЯ
Идентификатор организации NLR
Шифр хранения (Call Number) 34-20/337(6)
942 ## - ДОПОЛНИТЕЛЬНЫЕ ЭЛЕМЕНТЫ ЗАПИСИ (АБИС)
Тип экземпляра АБИС Неопределено
980 ## - КОЛЛЕКЦИЯ
Название коллекции Национальная библиография

Нет доступных экземпляров.